The Strategic Management of Intellectual Capital and Organizational Knowledge /

Compilación de trabajos que presentan una visión de la administración estratégica basada en el conocimiento, que reúne contribuciones de 74 autores procedentes de once naciones: Canadá, España, Estados Unidos, Finlandia, Francia, Holanda, Inglaterra, Irlanda, Italia, Japón y Suiza. La administración...

Deskribapen osoa

Gorde:
Xehetasun bibliografikoak
Egile nagusia: Choo, Chun Wei (ed.)
Beste egile batzuk: Bontis, Nick (edición) (edición)
Formatua: Liburua
Hizkuntza:ingelesa
Argitaratua: Nueva York, EUA : Oxford University, 2002, c2002
Gaiak:
Etiketak: Etiketa erantsi
Etiketarik gabe, Izan zaitez lehena erregistro honi etiketa jartzen!

MARC

LEADER 00000nam^a2200000^a^4500
001 000156962
005 20250521000000.0
009 20260310100521.841
020 |a 0-19-513866-X 
037 |a Acervo ITESO - Biblioteca 
041 |a ING 
082 |a 658. 00285  |b CHO 
100 |a Choo, Chun Wei  |e (ed.) 
245 1 4 |a The Strategic Management of Intellectual Capital and Organizational Knowledge /  |c Ed. de C.W. Choo, N. Bontis. 
264 4 |a Nueva York, EUA :  |b Oxford University,  |c 2002, c2002 
300 |a XIX, 748 p. 
336 |a texto  |b txt  |2 rdacontenido 
337 |a sin mediación  |b n  |2 rdamedio 
338 |a volumen  |b nc  |2 rdasoporte 
520 |a Compilación de trabajos que presentan una visión de la administración estratégica basada en el conocimiento, que reúne contribuciones de 74 autores procedentes de once naciones: Canadá, España, Estados Unidos, Finlandia, Francia, Holanda, Inglaterra, Irlanda, Italia, Japón y Suiza. La administración estratégica concierne a las causas y fuerzas que explican las diferencias de desempeño entre las organizaciones. Desde una perspectiva enfocada en las competencias y recursos internos, antes que en los factores externos de las estructuras industriales, las competencias y capacidades de una empresa consisten en los bienes materiales, el conocimiento humano sobre cómo hacer las cosas y rutinas organizacionales que han evolucionado de modo único y distintivo en cada compañía. Así, el capital intelectual -único y difícil de imitar- confiere una ventaja competitiva y sustentable a las organizaciones. Los procesos de creación de conocimiento y capital intelectual, la administración de la acumulación y flujo de capital intelectual para mantener una ventaja competitiva sustentable, los principios conceptuales y las acciones impulsoras que integran una planeación estratégica basada en el conocimiento son algunos de los aspectos que aborda el grupo de autores. 
649 |a XX 
650 |a Información -  |x Administración 
650 |a Conocimiento -  |x Administración -  |x Tema Principal 
650 |a Aprendizaje 
650 |a Planeación Estratégica 
650 |a Competitividad 
650 |a Valor (Economía) 
650 |a Proceso Administrativo -  |x Dirección 
650 |a Empresas -  |x Administración 
650 |a Ciencias Administrativas 
700 |a Bontis, Nick  |e (edición) 
910 |a Fondo General 
920 |a Impresos - Libros 
930 |a Colección General 
905 |a 101 
901 |a 0500085567  |b IT1  |c ACC  |u 20250521 
902 |a https://opac.biblio.iteso.mx/vufind/Record/000156962